000 01126nam a2200289 4500
001 0000017496
003 CO-CtgCURN
005 20250510145034.0
007 ta
008 160627s1999 000 0 eng d
020 _a9586760340
040 _aCO-CtgCURN
_bspa
_ccoctgcurn
082 0 _a342.088
_bL66res
100 1 _aLópez Morales, Jairo.
245 1 0 _aResponsabilidad patrimonial del estado /
_cJairo López Morales.
260 _aBogotá :
_bEdiciones Doctrina y Ley,
_c1999.
300 _aV.3.
336 _2rdacontent
337 _2rdamedia
_asin mediacion
_bn
338 _2rdacarrier
_avolumen
_bnc
500 _aIncluye notas al pie de pagina.
505 8 _aResponsabilidad del estado por actos politicos de la asamblea nacional constituyente de 1991.--De la obligacion de seguridad de los establecimientos carcelarios frente a los reclusos.--La responsabilidad del estado por el ejercicio de actividades
650 1 4 _aResponsabilidad extracontractual.
908 _a160627
942 _cBK
_h342.088
_iL66res
_2ddc
_n0
999 _c19244
_d19244